000 00869nac a22002291u 4500
010 _a 2002005621
020 _a063121951X (hardback : alk. paper)
020 _a0631219528 (pbk. : alk. paper)
082 0 0 _a338.6048
_bSi65
090 _c2108
_d2108
100 _aSinn, Hans-Werner.
245 1 4 _aThe new systems competition /
_cHans-Werner Sinn.
260 _aMalden, MA :
_bBlackwell Pub.,2003
_c2003.
300 _axii, 228 p. :
_bill. ;
_c22 cm.
440 0 _aYrjoÌ( Jahnsson lectures
504 _aIncludes bibliographical references (p. [208]-217) and indexes.
650 0 _aCompetition, International.
650 0 _aCompetition.
650 0 _aGovernment competition.
942 _cBB
_k338.6048Si65
999 _c2108
_d2108